000 00613nam a22001817a 4500
005 20180726160713.0
010 _aENG-123607
020 _c499.00
_a9789380200293
035 _aEN-107139
037 _bDBAD/PUB.
082 _a333.330954
245 _aFrom choosing to moving home dream your to get steps seven the /
260 _aNew Delhi
_bNetwork 18 Publications Pvt. Ltd.,
_c2016
270 _a507, Prabhat Kiran, 17, Rajendra Place,
_bNew Delhi
_e110008
300 _a146p.
_bphotos
_c24cm(Hb)
500 _aThe seven steps to get your dream home
942 _2ddc
_cEN
_h333.330954
_mFRO
999 _c154921
_d154921